La province de Flandre de A à Z - Statistiques

Statistiques générales
  • Ce quiz a été pris 13 fois
  • Le résultat moyen est 9 sur 26
Statistiques - réponses
Lettre Question Réponse % Correct
D Principale ville de la Flandre française flamingante Dunkerque
91%
E Pays qui entre en possession de la Flandre en 1529 Espagne
82%
L Principale ville de la Flandre française de langue française Lille
73%
N Département qui recouvre l'ancienne province Nord
73%
A Pays qui a envahi la Flandre en 1792 Autriche
64%
C Titre porté par le seigneur de Flandre Comte
64%
K Nom de Cassel en flamand Kassel
64%
R 3e ville de la métropole lilloise en nombre d'habitants Roubaix
64%
T 2e ville de la métropole lilloise en nombre d'habitants Tourcoing
55%
O Cette langue, parlée dans une partie de la région est née de la langue romane, un latin populaire Oïl
45%
Y Ville aujourd'hui belge mais française après le traité de Nimègue Ypres
45%
V Capitale du Hainaut français Valenciennes
36%
H Comté indépendant intégré à la Flandre Hainaut
27%
I Reine de France de 1180 à 1190 (prénom;et nom) Isabelle de Hainaut
27%
P On l'appelle Chti dans la région Picard
27%
U Traité de paix qui attribue définitivement la Flandre à la France Utrecht
27%
F Commune qui a connu une fusillade dramatique le 1er mai 1891 Fourmies
9%
S Rivière qui marque traditionnellement le sud de la Flandre Scarpe
9%
Z Dernière commune de France par ordre alphabétique Zuytpeene
9%
B Nom de la plaine maritime autour de Dunkerque Blootland
0%
G Adjectif qualifiant la Flandre de langue française Gallicante
0%
J Peintre douaisien surnommé le Maitre des couleurs (prénom et nom) Jehan Bellegambe
0%
M Ville vendue à la France par les Anglais en même temps que Dunkerque en 1662 Mardyck
0%
Q Eve Gilles, miss France 2024 a grandi dans cette commune Quaëdypre
0%
W La Flandre flamingante est appelée Westhoek français
0%
X Peintre né à Dunkerque en 1949 (prénom et nom) Xavier Degans
0%
Aucun quiz correspondant
Distribution des résultats
% des personnes avec chaque résultat
Percentile par nombre de réponses
Votre historique - résultats
Vous n’avez pas pris ce quiz